[Event "Montreal CC-ch"]
[Site "Montreal"]
[Date "2014.06.14"]
[Round "2"]
[White "He, Shao Hang"]
[Black "Gauthier, Denis"]
[Result "1-0"]
[WhiteElo "1689"]
[BlackElo "1967"]
[PlyCount "38"]
[EventDate "2014.06.15"]
[EventType "swiss"]
[EventRounds "5"]
[EventCountry "CAN"]
[SourceTitle "EXT 2022"]
[Source "ChessBase"]
[SourceDate "2021.10.06"]
[SourceVersion "1"]
[SourceVersionDate "2021.10.06"]
[SourceQuality "1"]

1. d4 Nf6 2. c4 e6 3. Nf3 Bb4+ 4. Bd2 Qe7 5. a3 Bxd2+ 6. Nbxd2 d6 7. e3 0-0 8. Bd3 Nbd7 9. 0-0 b6 10. Qc2 Bb7 11. e4 e5 12. d5 Rfe8 13. b4 Nh5 14. g3 Ndf6 15. Rfc1 Rec8 16. Nb3 c6 17. Qd2 cxd5 18. cxd5 Nxd5 19. exd5 Bxd5 1-0

[Event "Montreal CC-ch"]
[Site "Montreal"]
[Date "2014.06.14"]
[Round "3"]
[White "Sprumont, Oscar"]
[Black "He, Shao Hang"]
[Result "1-0"]
[WhiteElo "2042"]
[BlackElo "1689"]
[PlyCount "113"]
[EventDate "2014.06.15"]
[EventType "swiss"]
[EventRounds "5"]
[EventCountry "CAN"]
[SourceTitle "EXT 2022"]
[Source "ChessBase"]
[SourceDate "2021.10.06"]
[SourceVersion "1"]
[SourceVersionDate "2021.10.06"]
[SourceQuality "1"]

1. Nf3 d5 2. c4 c6 3. cxd5 cxd5 4. d4 Nf6 5. Nc3 Bf5 6. Bf4 e6 7. e3 Be7 8. Bb5+ Nbd7 9. 0-0 0-0 10. Rc1 a6 11. Bd3 Bg4 12. Be2 Nh5 13. Bg3 Nxg3 14. hxg3 b5 15. Ne1 Bxe2 16. Qxe2 Qa5 17. a3 Rfc8 18. Nc2 Rab8 19. b4 Qd8 20. Ne1 Nb6 21. Nd3 Nc4 22. Qa2 a5 23. Nc5 axb4 24. axb4 Ra8 25. Qe2 Qb6 26. Ra1 Rd8 27. Ra2 Rxa2 28. Qxa2 Bxc5 29. dxc5 Qb7 30. Ra1 d4 31. exd4 g6 32. Qa6 Qxa6 33. Rxa6 Rxd4 34. Nxb5 Rd1+ 35. Kh2 Rb1 36. c6 Ne5 37. f3 Nxc6 38. Rxc6 Rxb4 39. Nd6 Rd4 40. Rc8+ Kg7 41. Rd8 Rd5 42. Ne8+ Kf8 43. Rxd5 exd5 44. Nf6 d4 45. Nxh7+ Kg7 46. Ng5 d3 47. Ne4 f5 48. Nd2 Kf6 49. Kg1 Ke5 50. Kf2 Kd4 51. Ke1 Kc3 52. Kd1 Kd4 53. Nf1 g5 54. Kd2 g4 55. Ne3 f4 56. gxf4 gxf3 57. gxf3 1-0

[Event "Quebec op"]
[Site "Montreal"]
[Date "2011.07.27"]
[Round "6"]
[White "He, Shao Hang"]
[Black "Zhu, Hong Rui"]
[Result "0-1"]
[WhiteElo "1546"]
[BlackElo "2002"]
[PlyCount "62"]
[EventDate "2011.07.23"]
[EventType "swiss"]
[EventRounds "9"]
[EventCountry "CAN"]
[SourceTitle "EXT 2022"]
[Source "ChessBase"]
[SourceDate "2021.10.06"]
[SourceVersion "1"]
[SourceVersionDate "2021.10.06"]
[SourceQuality "1"]

1. d4 d5 2. c4 e6 3. Nf3 Nf6 4. Bg5 Be7 5. e3 0-0 6. Nc3 Nbd7 7. Qc2 a6 8. Rc1 dxc4 9. Bxc4 b5 10. Bd3 Bb7 11. Bf4 c5 12. dxc5 Nxc5 13. Be2 Qb6 14. 0-0 Rac8 15. b4 Nce4 16. Qb2 Nxc3 17. Rxc3 Rxc3 18. Qxc3 Nd5 19. Qb2 Nxf4 20. exf4 Bxf3 21. Bxf3 Qd6 22. a3 Qxf4 23. Bb7 Qd6 24. g3 Qb6 25. Bg2 a5 26. Rc1 axb4 27. axb4 Rd8 28. Rc6 Rd1+ 29. Bf1 Qxc6 30. Qe5 Qc4 31. Qb8+ Bf8 0-1

[Event "Quebec op"]
[Site "Montreal"]
[Date "2011.07.25"]
[Round "4"]
[White "He, Shao Hang"]
[Black "Robichaud, Louis"]
[Result "1/2-1/2"]
[WhiteElo "1546"]
[BlackElo "2183"]
[PlyCount "125"]
[EventDate "2011.07.23"]
[EventType "swiss"]
[EventRounds "9"]
[EventCountry "CAN"]
[SourceTitle "EXT 2022"]
[Source "ChessBase"]
[SourceDate "2021.10.06"]
[SourceVersion "1"]
[SourceVersionDate "2021.10.06"]
[SourceQuality "1"]

1. d4 Nf6 2. c4 g6 3. Nc3 Bg7 4. e4 d6 5. f4 0-0 6. Nf3 c5 7. d5 e6 8. Bd3 exd5 9. cxd5 Re8 10. 0-0 Nbd7 11. Re1 a6 12. h3 Qc7 13. Bd2 c4 14. Bc2 b5 15. Rc1 Bb7 16. a3 Nc5 17. Re2 Rac8 18. Be1 Nh5 19. g3 Qd7 20. Kg2 a5 21. Rb1 b4 22. axb4 axb4 23. Ba4 Nxa4 24. Qxa4 Qxa4 25. Nxa4 Ra8 26. Nb6 Ra6 27. Bf2 f5 28. e5 dxe5 29. fxe5 Rxb6 30. Bxb6 Bxd5 31. Rbe1 f4 32. Bf2 fxg3 33. Bxg3 Bh6 34. Rf2 Bf4 35. Bh2 Bxh2 36. Kxh2 Nf4 37. Re3 Nd3 38. Rfe2 b3 39. Nd4 Nf4 40. Rf2 Nd3 41. Rfe2 Kf7 42. Kg3 Ke7 43. Nb5 Rc8 44. Nc3 Be6 45. Rf3 Rc5 46. Rfe3 h5 47. h4 Bg4 48. Rd2 Rxe5 49. Rxe5+ Nxe5 50. Nd5+ Ke6 51. Ne3 Bf5 52. Nxf5 Kxf5 53. Rd4 g5 54. hxg5 Kxg5 55. Rd5 h4+ 56. Kh3 Kf4 57. Rd4+ Ke3 58. Rxh4 Kd3 59. Kg3 Kc2 60. Rh2+ Kc1 61. Kf4 Nd3+ 62. Ke3 Nxb2 63. Kd4 1/2-1/2

[Event "Montreal Oasis op"]
[Site "Montreal"]
[Date "2011.02.27"]
[Round "4"]
[White "Giroux, Robert"]
[Black "He, Shao Hang"]
[Result "1-0"]
[WhiteElo "1981"]
[BlackElo "1579"]
[PlyCount "131"]
[EventDate "2011.02.25"]
[EventType "swiss"]
[EventRounds "5"]
[EventCountry "CAN"]
[SourceTitle "EXT 2013"]
[Source "ChessBase"]
[SourceDate "2012.11.22"]
[SourceVersion "1"]
[SourceVersionDate "2012.11.22"]
[SourceQuality "1"]

1. c4 e6 2. g3 Nf6 3. Nf3 d5 4. Bg2 c6 5. Qc2 Be7 6. b3 Nbd7 7. Bb2 b6 8. 0-0 Bb7 9. d4 0-0 10. Nc3 Rc8 11. e4 dxe4 12. Nxe4 Nxe4 13. Qxe4 Nf6 14. Qe2 c5 15. Rad1 Qc7 16. Rfe1 cxd4 17. Bxd4 Bb4 18. Rf1 Qe7 19. Ne5 Bxg2 20. Kxg2 Rfd8 21. Qf3 Rd6 22. Bb2 Nd7 23. Rxd6 Nxe5 24. Bxe5 Bxd6 25. Bxd6 Qxd6 26. Rd1 Qc7 27. Qd3 g6 28. Qd4 Qe7 29. Qd7 Rc7 30. Qxe7 Rxe7 31. Rd8+ Kg7 32. Kf3 h5 33. Ke4 Kf6 34. f4 Rc7 35. Rd2 a6 36. Rd6 b5 37. Kd4 bxc4 38. bxc4 Ra7 39. Kc5 Rc7+ 40. Rc6 Rb7 41. Rxa6 Rb2 42. h4 Rg2 43. Ra3 Ke7 44. Kd4 Kd8 45. c5 Rd2+ 46. Kc4 Rc2+ 47. Kb5 Rb2+ 48. Kc6 Ke7 49. Kc7 f6 50. c6 e5 51. fxe5 fxe5 52. Kc8 e4 53. c7 Rb4 54. Ra5 Rc4 55. Kb7 Rb4+ 56. Kc6 Rc4+ 57. Rc5 Rxc5+ 58. Kxc5 Kd7 59. c8Q+ Kxc8 60. Kd4 e3 61. Kxe3 Kc7 62. Kf4 Kd6 63. a4 Kc5 64. a5 Kb5 65. a6 Kxa6 66. Kg5 1-0